Les pays les moins démocratiques d'Europe - Statistiques

Statistiques générales
  • Ce quiz a été pris 166 fois
  • Le résultat moyen est 11 sur 13
Statistiques - réponses
Score Pays % Correct
2,22 Russie
97%
1,99 Biélorussie
96%
6,33 Serbie
93%
6,03 Macédoine du Nord
88%
6,45 Roumanie
88%
6,28 Albanie
87%
6,72 Hongrie
87%
6,41 Bulgarie
86%
5,06 Ukraine
86%
5,00 Bosnie-Herzégovine
84%
6,67 Monténégro
83%
6,23 Moldavie
82%
6,50 Croatie
78%
Aucun quiz correspondant
Distribution des résultats
% des personnes avec chaque résultat
Percentile par nombre de réponses
Votre historique - résultats
Vous n’avez pas pris ce quiz